000 00238nam a2200121Ia 4500
100 _aBanerjee/M
942 _cBK
654 _agems
245 _aGems of Management
260 _bJaico
_aMumbai
_c1989
300 _a271
546 _aENGLISH
999 _c32490
_d32490